Lo efímero y lo perpetuo en la imagen fotográfica

Saved in:
书目详细资料
主要作者: Kossoy, Boris (autor)
格式: 图书
语言:西班牙语
出版: Madrid Cátedra 2014
版:1a. ed
丛编:Cuadernos Arte, 52
主题:
标签: 添加标签
没有标签, 成为第一个标记此记录!

MARC

LEADER 00000cam a2200000 a 4500
001 UCD5880
003 CL-VaPUC
008 161028e20140000sp |||||||||||||||||spa|d
020 |a 9788437632285 
082 0 4 |a 770.9  |b KOS  |2 21 
100 |a Kossoy, Boris  |e autor  |9 595021 
245 1 3 |a Lo efímero y lo perpetuo en la imagen fotográfica 
250 |a 1a. ed 
300 |a 386 p 
942 |c BK 
945 |d 20161028 10:18:00  |a arojas 
260 |a Madrid  |b Cátedra  |c 2014 
650 0 |a Fotografía  |9 268495 
650 0 |a Historia del arte  |9 314877 
650 0 |a Fotografía documental   |9 268698 
583 |a last modification  |c 20161028 10:18:00  |k Rodrigo Vera 
490 0 |a Cuadernos Arte, 52 
999 |c 366417  |d 366415 
952 |0 0  |1 0  |3 erb  |4 0  |6 770_900000000000000_KOS_2014  |7 0  |8 A  |9 480646  |a BIBART  |b BIBART  |i 534591K  |l 2  |o 770.9 KOS 2014  |p 534591K  |r 2025-04-29  |s 2025-04-22  |w 2019-11-24  |y BK  |z Catalogado en:20161028  |k ART